00875nam a22002177a 450000500170000001000260001702000260004303500140006903500140008303700090009708200110010610000230011724500830014026000400022327000520026330000200031594200250033599900190036095201210037995201570050020260512150041.0 aENG-125900 ENG-148448 a9789388292306c399.00 aEN-109432 aEN-131980 bDBAD a808.88 aOlio, Aleph989071 aThe Essence Stories and Essays of Delhi :cby Aleph Oliobstories and essays / aNew DelhibALEPH Book Companyc2019 a7/16, Ansari Road, DaryaganjbNew Delhie110002 a134p.c20cm(Hb) 2ddccENh808.88mOLI c166094d166094 001040708NFICaAVbAVd2019-07-12eDBAD/PUBg399.00l0o808.88 OLIpEN-109432r2019-07-12 00:00:00t1v399.00yEN 001040708NFICaKGMbKGMd2026-05-12eDelivery of Books Act Divisiong399.00l0o808.88 OLIpEN-131980r2026-05-12 15:01:49t1v399.00w2026-05-12yEN